|
|
|
|
| LEADER |
00000nas a2200000 i 4500 |
| 001 |
ssj0001072149 |
| 003 |
WaSeSS |
| 005 |
20200512172242.0 |
| 006 |
m d |
| 007 |
cr n |
| 008 |
131216u20uuuuuuts f| p|s|||||| |0eng d |
| 035 |
|
|
|a (WaSeSS)ssj0001072149
|
| 040 |
|
|
|a WaSeSS
|b eng
|c WaSeSS
|d WaSeSS
|
| 043 |
|
|
|a a-ts---
|
| 050 |
1 |
4 |
|a Q179.9
|
| 245 |
0 |
0 |
|a ECSSR (Abu Dhabi). Emirates lecture series
|h [electronic resource].
|
| 246 |
1 |
|
|a Emirates Center for Strategic Studies and Research (Abu Dhabi). Emirates lecture series
|
| 260 |
|
|
|a Abū Ẓaby, United Arab Emirates :
|b Emirates Center for Strategic Studies and Research
|
| 310 |
|
|
|a Semiannual
|
| 506 |
|
|
|a License restrictions may limit access.
|
| 588 |
|
|
|a Description based on: (79) (2009); title from title screen (ProQuest, viewed Dec. 13, 2013).
|
| 588 |
|
|
|a Latest issue consulted: (83) (2010) (viewed Dec. 13, 2013).
|
| 650 |
|
0 |
|a Research
|v Periodicals.
|
| 650 |
|
0 |
|a Research
|z United Arab Emirates
|v Periodicals.
|
| 655 |
|
0 |
|a Electronic journals.
|
| 776 |
0 |
8 |
|i Print version:
|t ECSSR (Abu Dhabi). Emirates lecture series
|x 1682-1238
|
| 856 |
4 |
0 |
|z Full text available from Research Library: 07/01/2009 to 01/31/2015
|u https://search.proquest.com/publication/135363
|